000 00305nam a22001217a 4500
020 _a8120326946
082 _222
_a621.36720
100 _aGupta, S. C.
245 _aOptoelectronic devices and systems /
260 _aNew Delhi,
_bPrentice Hall,
_cc2005.
300 _axiv, 636 p. ;
_bill. ;
942 _2ddc
_cEE
999 _c3731
_d3731